| 000 | 00475nam a2200193Ia 4500 | ||
|---|---|---|---|
| 003 | OSt | ||
| 005 | 20250714140935.0 | ||
| 008 | 210210b1998 xxu||||| |||| 00| 0 eng d | ||
| 040 | _cAL | ||
| 041 | _aEnglish | ||
| 082 | _a657.046 RAMA | ||
| 100 |
_aB S Raman _962139 |
||
| 245 |
_aAdvanced Accountancy _b: for second BCom P 1 |
||
| 260 |
_aMangalore _bUnited publishers _c1998 |
||
| 300 | _a1529p. | ||
| 690 |
_aAccountancy _962140 |
||
| 906 | _a056603 | ||
| 942 |
_2ddc _cBK |
||
| 999 |
_c104108 _d104108 |
||